| 000 | 00418nam a2200145 4500 | ||
|---|---|---|---|
| 001 | 139549 | ||
| 003 | ES-MaACL | ||
| 007 | t| | ||
| 008 | 070214s1924 gw r ||||1| ger d | ||
| 100 | 1 |
_aScheler, Max. _9104283 |
|
| 245 | 1 | 0 |
_aChristentum und Gesellschaft I Halbband _b: konfessionen / _cMax Scheler. |
| 260 |
_aLeipzig : _bPeter Reinhold, _c1924. |
||
| 300 |
_aVIII, 233 p. ; _c24 cm. |
||
| 852 |
_aES-MaACL _jC-9059 |
||
| 999 |
_c139549 _d139549 |
||